000 00528nam a2200169 a 4500
001 000034928
005 20200930074006.0
008 111021s19uu fr 000 0 spa d
040 _aDO-SdBNP
_bspa
_cBNPHU
082 _axxxx
_bD886v
100 1 _aDumas, Alexandre
_960495
245 1 3 _aLe vicomte de bragelonne ou dix ans plus tard /
_cAlexandre Dumas.
260 _aParis :
_bNelson Éditeurs :
_bCalmann-Lévy,
_c[19--?].
300 _a573 p. ;
_c16 cm.
500 _aLa biblioteca posee el v. 2, v. 3 y v. 5.
049 _aBNGR
999 _c34419
_d34419